[Event "Thorigny op 2nd"]
[Site "Thorigny"]
[Date "2006.03.23"]
[Round "1"]
[White "Tissir, Mohamed"]
[Black "Denevert, Michel"]
[Result "1-0"]
[WhiteElo "2444"]
[BlackElo "1890"]
[PlyCount "57"]
[EventDate "2006.03.22"]
[EventType "swiss"]
[EventRounds "7"]
[EventCountry "FRA"]
[SourceTitle "EXT 2007"]
[Source "ChessBase"]
[SourceDate "2006.11.23"]
[SourceVersion "1"]
[SourceVersionDate "2006.11.23"]
[SourceQuality "1"]

1. e4 e6 2. d4 d5 3. Nd2 Nf6 4. e5 Nfd7 5. Bd3 c5 6. c3 Nc6 7. Ne2 cxd4 8. cxd4 f6 9. exf6 Nxf6 10. Nf3 Bd6 11. 0-0 0-0 12. Bf4 Bxf4 13. Nxf4 Bd7 14. Re1 Ne4 15. g3 Qf6 16. h4 Rae8 17. Bxe4 dxe4 18. Rxe4 Qf5 19. Qe2 h6 20. Ne5 Nxe5 21. Rxe5 Qf6 22. Re1 a6 23. b3 Qf7 24. Qe3 Kh7 25. Qe4+ g6 26. h5 Rg8 27. d5 exd5 28. hxg6+ Rxg6 29. Qxg6+ 1-0